000 00647nam a2200229Ia 4500
003 OSt
005 20220928104850.0
006 a|||||r|||| 00| 0
007 ta
008 220927b |||||||| |||| 00| 0 eng d
024 _a48294
037 _cTextual
040 _aSDCL
_cSDCL
_beng
041 _2eng
_aeng
082 _aY:1.216'A, N7
100 _aSubranmanyam B
_9412568
245 0 _aPre, proto and early historic cultures of Krishna Tungabhadra valley.
260 _aDelhi
_bBharatiya Kala Prakashan
_c1997
300 _a312p.
_ccm.
942 _hY:1.216'A, N7
_cTEXL
_2CC
999 _c728296
_d728296